[Event "28th 4NCL Congress"]
[Site "Leamington Spa"]
[Date "2022.07.09"]
[Round "2"]
[Board "6"]
[White "Brencher, Paul"]
[Black "McLachlan, Matthew"]
[Result "1/2-1/2"]
[WhiteElo "1959"]
[BlackElo "1795"]
[PlyCount "72"]
[EventDate "2022.07.08"]
[EventRounds "5"]
[EventCountry "ENG"]

1. d4 e6 2. Nf3 Nf6 3. g3 c5 4. dxc5 Bxc5 5. Bg2 d5 6. O-O O-O 7. c4 Nc6 8. a3
a5 9. Qc2 d4 10. Nbd2 e5 11. Ne4 Be7 12. Rd1 Bg4 13. Nxf6+ Bxf6 14. Ne1 Qc7 15.
Be4 g6 16. f3 Be6 17. Nd3 Bg7 18. Nc5 Qe7 19. Nxe6 Qxe6 20. f4 Ne7 21. fxe5
Bxe5 22. Qd3 Nc6 23. Bd2 Bg7 24. Bxc6 Qxc6 25. b4 a4 26. Bf4 Rfe8 27. Rac1 Re4
28. b5 Qe6 29. Rc2 Re8 30. c5 h6 31. Kf2 Qf5 32. Kg2 g5 33. Bd6 Qd5 34. Kg1 Re3
35. Qc4 Qe4 36. Rf1 Qe6  1/2-1/2

[Event "28th 4NCL Congress"]
[Site "Leamington Spa"]
[Date "2022.07.09"]
[Round "2"]
[Board "7"]
[White "Webster, Vivien"]
[Black "Garnett, John S"]
[Result "0-1"]
[WhiteElo "1614"]
[BlackElo "1951"]
[PlyCount "118"]
[EventDate "2022.07.08"]
[EventRounds "5"]
[EventCountry "ENG"]

1. e4 d5 2. exd5 Nf6 3. Bb5+ Nbd7 4. Nc3 a6 5. Bc4 Nb6 6. Bb3 Bg4 7. Nge2 Nfxd5
8. Nxd5 Nxd5 9. Bxd5 Qxd5 10. O-O e6 11. c3 O-O-O 12. f3 Bf5 13. Nf4 Qd6 14. d4
e5 15. Ne2 exd4 16. Bf4 Qb6 17. cxd4 Bd6 18. Bxd6 Rxd6 19. Rf2 Kb8 20. b3 Rhd8
21. Qd2 c5 22. Qf4 Bg6 23. dxc5 Qxc5 24. Rc1 Qb6 25. Nc3 Ka8 26. g3 Rf6 27. Na4
Qxf2+ 28. Kxf2 Rxf4 29. gxf4 Rd2+ 30. Kg3 Rxa2 31. Rc8+ Ka7 32. Rg8 b5 33. Nc5
Kb6 34. Nd7+ Ka5 35. Rxg7 Kb4 36. Ne5 Kxb3 37. f5 Bxf5 38. Rxf7 Bg6 39. Rb7 b4
40. Nc6 a5 41. h4 Kc3 42. Rb5 b3 43. Rc5+ Kd2 44. Nxa5 b2 45. Nc4+ Ke2 46. Nxb2
Rxb2 47. h5 Bb1 48. Re5+ Kd3 49. f4 Kd4 50. Re7 Kd5 51. Kh4 Rg2 52. Re5+ Kd6
53. Kh3 Rg1 54. Kh2 Rg4 55. Re1 Bf5 56. Rd1+ Ke6 57. Re1+ Kf6 58. Rf1 Rh4+ 59.
Kg3 Rh3+  0-1

[Event "28th 4NCL Congress"]
[Site "Leamington Spa"]
[Date "2022.07.09"]
[Round "2"]
[Board "8"]
[White "McDonnell, James J"]
[Black "Ajimal, Jet"]
[Result "1-0"]
[WhiteElo "1934"]
[BlackElo "1627"]
[PlyCount "87"]
[EventDate "2022.07.08"]
[EventRounds "5"]
[EventCountry "ENG"]

1. e4 e5 2. Nf3 Nc6 3. Bb5 a6 4. Ba4 Nf6 5. d3 d6 6. c3 Be7 7. O-O O-O 8. Re1
b5 9. Bc2 h6 10. Nbd2 Re8 11. Nf1 Bf8 12. Ng3 Bg4 13. h3 Bxf3 14. Qxf3 Ne7 15.
Bxh6 gxh6 16. Qxf6 Ng6 17. Qf3 Re6 18. Nf5 Qg5 19. Bb3 Rf6 20. Qg4 Nf4 21.
Qxg5+ hxg5 22. Re3 Kh7 23. a4 c6 24. axb5 cxb5 25. Kh2 d5 26. Bc2 d4 27. cxd4
exd4 28. Ree1 Rc8 29. Bb1 Rfc6 30. g3 Ng6 31. Nxd4 Rc1 32. Ba2 Rxe1 33. Rxe1
Bg7 34. Nf5 Bxb2 35. Re2 Bc3 36. Nd6 Rd8 37. Nxf7 Rxd3 38. Nxg5+ Kg7 39. Ne6+
Kf6 40. Nc5 Rd2 41. Rxd2 Bxd2 42. Nxa6 Ke5 43. Bb1 b4 44. f4+  1-0

[Event "28th 4NCL Congress"]
[Site "Leamington Spa"]
[Date "2022.07.09"]
[Round "2"]
[Board "9"]
[White "Jones, Gabriel"]
[Black "Daniels, David W"]
[Result "1-0"]
[WhiteElo "1501"]
[BlackElo "1921"]
[PlyCount "67"]
[EventDate "2022.07.08"]
[EventRounds "5"]
[EventCountry "ENG"]

1. e4 c6 2. d4 d5 3. e5 Bf5 4. h4 h6 5. Bd3 Bxd3 6. Qxd3 e6 7. Ne2 Qb6 8. Nd2
c5 9. c3 Nc6 10. a3 Nge7 11. f4 h5 12. O-O Nf5 13. Nf3 Be7 14. Be3 c4 15. Qd2
Bxh4 16. Nxh4 Nxh4 17. Ng3 g6 18. f5 Nxf5 19. Nxf5 gxf5 20. Bg5 Rh7 21. Qc2
Nxe5 22. Rf4 Nd3 23. Rff1 Kd7 24. b4 Rg8 25. Bh4 Rg6 26. Rf3 e5 27. Raf1 Ke8
28. Qa4+ Qc6 29. Qxa7 Rxg2+ 30. Kxg2 Nf4+ 31. Rxf4 Rg7+ 32. Kh1 exf4 33. Re1+
Kd7 34. Re7+  1-0

[Event "28th 4NCL Congress"]
[Site "Leamington Spa"]
[Date "2022.07.09"]
[Round "2"]
[Board "10"]
[White "Jacob, Sydney J"]
[Black "Isik, Muhammed Oguz"]
[Result "0-1"]
[WhiteElo "1899"]
[BlackElo "1547"]
[PlyCount "74"]
[EventDate "2022.07.08"]
[EventRounds "5"]
[EventCountry "ENG"]

1. e4 e5 2. Nf3 d6 3. Bc4 Be7 4. O-O Nf6 5. d3 h6 6. Nbd2 O-O 7. Re1 Re8 8. c3
Bf8 9. Nf1 c6 10. Ng3 Bd7 11. Qb3 Re7 12. Qxb7 Bg4 13. Qb3 Bxf3 14. gxf3 d5 15.
Nf5 Re6 16. Qb7 dxc4 17. Qxa8 Qc7 18. Be3 c5 19. b4 Nbd7 20. bxc5 Re8 21. Qxe8
Nxe8 22. dxc4 Nxc5 23. Rad1 Na4 24. Rd3 Nb2 25. Rd5 Nxc4 26. Red1 Nf6 27. Rd8
Nxe3 28. fxe3 g6 29. Nxh6+ Kg7 30. Ng4 Nxg4 31. fxg4 Qxc3 32. R1d3 Qe1+ 33. Kg2
Qe2+ 34. Kg3 Be7 35. R8d7 Bh4+ 36. Kh3 Qf3+ 37. Kxh4 g5+  0-1

[Event "28th 4NCL Congress"]
[Site "Leamington Spa"]
[Date "2022.07.09"]
[Round "2"]
[Board "12"]
[White "Bowman, Richard L"]
[Black "Moss, Jack O"]
[Result "0-1"]
[WhiteElo "1893"]
[BlackElo "1766"]
[PlyCount "100"]
[EventDate "2022.07.08"]
[EventRounds "5"]
[EventCountry "ENG"]

1. Nf3 f5 2. e4 fxe4 3. Ng5 Nf6 4. d3 e3 5. Bxe3 e5 6. d4 Qe7 7. dxe5 Qxe5 8.
Qd4 Nc6 9. Qxe5+ Nxe5 10. Bf4 Bd6 11. Nc3 Nf3+ 12. Nxf3 Bxf4 13. Bc4 c6 14. O-O
d5 15. Rfe1+ Kd8 16. Bd3 Re8 17. g3 Bg4 18. Rxe8+ Kxe8 19. Re1+ Kf8 20. Kg2
Bxf3+ 21. Kxf3 Bd6 22. Re6 Rd8 23. h4 Kf7 24. Bf5 g6 25. Bh3 Bb4 26. Ne2 Re8
27. Rxe8 Nxe8 28. c3 Ba5 29. Kf4 Kf6 30. f3 Bc7+ 31. Ke3 Bb6+ 32. Kd3 Bf2 33.
c4 dxc4+ 34. Kxc4 Nd6+ 35. Kd3 Nf5 36. Bxf5 Kxf5 37. a4 Ke5 38. Kc4 b6 39. b4
a6 40. b5 cxb5+ 41. axb5 a5 42. h5 gxh5 43. Nf4 Bxg3 44. Nxh5 Bf2 45. Ng7 h6
46. Kd3 Kd5 47. f4 a4 48. Nf5 h5 49. Kc2 h4 50. Ne7+ Ke6  0-1

[Event "28th 4NCL Congress"]
[Site "Leamington Spa"]
[Date "2022.07.09"]
[Round "2"]
[Board "13"]
[White "Passariello, Andrea"]
[Black "Gordon, Sean"]
[Result "0-1"]
[WhiteElo "1766"]
[BlackElo "1890"]
[PlyCount "114"]
[EventDate "2022.07.08"]
[EventRounds "5"]
[EventCountry "ENG"]

1. b3 d5 2. Bb2 Bf5 3. e3 Nf6 4. Nf3 e6 5. c4 c6 6. Nc3 Nbd7 7. cxd5 exd5 8. d3
Be7 9. Be2 h6 10. Rc1 O-O 11. O-O Re8 12. Qd2 Qb6 13. Na4 Qc7 14. Rc2 Rad8 15.
Rfc1 Qb8 16. h3 Bd6 17. Bd4 Ne5 18. Bxe5 Bxe5 19. Nxe5 Qxe5 20. Nc5 b6 21. d4
Qe7 22. Nd3 c5 23. dxc5 d4 24. exd4 Rxd4 25. cxb6 axb6 26. Qc3 Qd6 27. Rd1 Rc8
28. Qxc8+ Bxc8 29. Rxc8+ Kh7 30. Rcc1 g6 31. a4 Ne4 32. Ne1 Rxd1 33. Rxd1 Qc5
34. Nd3 Qc2 35. Nc1 Nc3 36. Re1 Qxc1 37. Rxc1 Nxe2+ 38. Kf1 Nxc1 39. b4 Nd3 40.
b5 Kg7 41. Ke2 Nc5 42. a5 bxa5 43. Kd2 Kf6 44. f3 Ke5 45. g3 Kd4 46. b6 Kc4 47.
Kc2 Kb5 48. g4 Kxb6 49. h4 a4 50. f4 Ne6 51. f5 gxf5 52. g5 hxg5 53. h5 g4 54.
h6 Ng5 55. Kd3 a3 56. Ke3 a2 57. Kf4 Nh7  0-1

[Event "28th 4NCL Congress"]
[Site "Leamington Spa"]
[Date "2022.07.09"]
[Round "2"]
[Board "14"]
[White "Fearnhead, Ben"]
[Black "Freund, Michael P"]
[Result "1/2-1/2"]
[WhiteElo "1876"]
[BlackElo "1759"]
[PlyCount "59"]
[EventDate "2022.07.08"]
[EventRounds "5"]
[EventCountry "ENG"]

1. e4 e6 2. d4 d5 3. Nc3 dxe4 4. Nxe4 Bd7 5. Nf3 Bc6 6. Neg5 Nd7 7. Nxf7 Kxf7
8. Ng5+ Ke8 9. Bd3 Qf6 10. O-O Be7 11. Re1 Nf8 12. Qg4 Nh6 13. Qh5+ Kd8 14. Qh3
Nf7 15. Nxe6+ Nxe6 16. Rxe6 Ng5 17. Bxg5 Qxg5 18. Re5 Qh4 19. Qe6 Bd6 20. Rd1
Qe7 21. Qh3 Bxe5 22. dxe5 Ke8 23. Bxh7 Rxh7 24. Qxh7 Kf7 25. Qf5+ Kg8 26. Rd3
Rd8 27. b3 Rxd3 28. cxd3 Bd7 29. Qe4 Bc6 30. Qf5  1/2-1/2

[Event "28th 4NCL Congress"]
[Site "Leamington Spa"]
[Date "2022.07.09"]
[Round "2"]
[Board "15"]
[White "Winter, Kevin"]
[Black "Hickman, John E"]
[Result "0-1"]
[WhiteElo "1751"]
[BlackElo "1869"]
[PlyCount "90"]
[EventDate "2022.07.08"]
[EventRounds "5"]
[EventCountry "ENG"]

1. e4 d6 2. d4 Nf6 3. Nc3 g6 4. Be3 a6 5. Qd2 b5 6. f3 Nbd7 7. O-O-O Nb6 8. h4
h5 9. Nh3 Bxh3 10. Rxh3 c6 11. Bd3 Qc7 12. Rg1 Bg7 13. Ne2 c5 14. c3 e6 15. Bg5
c4 16. Bc2 d5 17. e5 Nfd7 18. Nf4 Nf8 19. Rg3 Kd7 20. Ne2 Kc6 21. Rh3 a5 22. f4
Nfd7 23. Re1 Rhb8 24. f5 exf5 25. Nf4 Nf8 26. Rhe3 Ne6 27. Rg3 Nd7 28. Bd1 Nxf4
29. Bxf4 Qb7 30. e6 Nf6 31. exf7 Qxf7 32. Bxb8 Rxb8 33. Qg5 Ng4 34. Qe7 Qxe7
35. Rxe7 Bf6 36. Re6+ Kd7 37. Ra6 Bxh4 38. Rf3 Re8 39. Rf1 Ne3 40. Rh1 Nxd1 41.
Rxd1 g5 42. Rh6 Re2 43. Rg1 Bf2 44. Rf1 h4 45. Rf6 Be3+ {Ineligible scoresheet}
 0-1

[Event "28th 4NCL Congress"]
[Site "Leamington Spa"]
[Date "2022.07.09"]
[Round "2"]
[Board "16"]
[White "Towers, Nigel S"]
[Black "Sun, Meng"]
[Result "1/2-1/2"]
[WhiteElo "1864"]
[BlackElo "1745"]
[PlyCount "48"]
[EventDate "2022.07.08"]
[EventRounds "5"]
[EventCountry "ENG"]

1. e4 c5 2. Nf3 d6 3. Bb5+ Bd7 4. Bxd7+ Qxd7 5. O-O Nc6 6. c3 e6 7. d4 cxd4 8.
cxd4 Nf6 9. Nc3 Be7 10. Bg5 O-O 11. e5 Ne8 12. Bxe7 Qxe7 13. Re1 Rd8 14. Qe2
Nc7 15. Rad1 dxe5 16. dxe5 a6 17. a3 Rxd1 18. Rxd1 Rd8 19. Rd2 h6 20. Qd1 Rxd2
21. Qxd2 Qc5 22. Ne4 Qd5 23. Qxd5 exd5 24. Nc5 b5  1/2-1/2

[Event "28th 4NCL Congress"]
[Site "Leamington Spa"]
[Date "2022.07.09"]
[Round "2"]
[Board "17"]
[White "Timbrell, Matthew"]
[Black "Gardner, Phillip K"]
[Result "1/2-1/2"]
[WhiteElo "1709"]
[BlackElo "1863"]
[PlyCount "61"]
[EventDate "2022.07.08"]
[EventRounds "5"]
[EventCountry "ENG"]

1. c4 Nf6 2. Nc3 c5 3. g3 g6 4. Bg2 Bg7 5. Nf3 Nc6 6. O-O O-O 7. d3 d6 8. Rb1
Qd7 9. e4 Rb8 10. Be3 b6 11. d4 cxd4 12. Nxd4 Bb7 13. h3 Rbd8 14. Qd2 Qc8 15.
b3 Qa8 16. Nxc6 Bxc6 17. Nd5 Qb7 18. f3 Rfe8 19. Bd4 e5 20. Nxf6+ Bxf6 21. Be3
Qe7 22. Kh2 Bb7 23. Rbd1 Bc8 24. h4 h5 25. Qf2 Be6 26. Rd3 Rd7 27. Rfd1 Red8
28. Qd2 Kh7 29. Qf2 Rg8 30. Qd2 Rgd8 31. Qf2  1/2-1/2

[Event "28th 4NCL Congress"]
[Site "Leamington Spa"]
[Date "2022.07.09"]
[Round "2"]
[Board "18"]
[White "Singleton, Luke"]
[Black "Burns, Kenneth"]
[Result "0-1"]
[WhiteElo "1859"]
[BlackElo "1711"]
[PlyCount "100"]
[EventDate "2022.07.08"]
[EventRounds "5"]
[EventCountry "ENG"]

1. e4 e6 2. d4 d5 3. exd5 exd5 4. Nf3 Bg4 5. Be2 Nf6 6. Ne5 Bxe2 7. Qxe2 Qe7 8.
O-O Nc6 9. Nc3 Nxd4 10. Qd2 Nxc2 11. Qxc2 Qxe5 12. Bd2 Bd6 13. Rfe1 Ne4 14. g3
O-O-O 15. Nxe4 dxe4 16. Rxe4 Qf5 17. Rae1 Rhe8 18. Qc4 Rxe4 19. Rxe4 Bxg3 20.
hxg3 Rxd2 21. Re8+ Rd8 22. Re7 Rd1+ 23. Kg2 Qd5+ 24. Qxd5 Rxd5 25. Rxf7 c5 26.
Kf3 Rd7 27. Rf4 Kc7 28. Rh4 a6 29. Rc4 Kc6 30. b4 Kb5 31. Rxc5+ Kxb4 32. Rc2
Ka3 33. Re2 b5 34. Kg4 b4 35. f4 a5 36. Re5 a4 37. Ra5 Kxa2 38. Rxa4+ Kb3 39.
Ra6 Kb2 40. Rb6 b3 41. Kf5 Rc7 42. g4 Kc2 43. g5 b2 44. g6 h6 45. Ke6 b1=Q 46.
Rxb1 Kxb1 47. f5 h5 48. Ke5 Rc6 49. Kf4 Rf6 50. Kg5 Kc2  0-1

[Event "28th 4NCL Congress"]
[Site "Leamington Spa"]
[Date "2022.07.09"]
[Round "2"]
[Board "19"]
[White "Berridge, Martin"]
[Black "Dean, Robert A"]
[Result "0-1"]
[WhiteElo "1693"]
[BlackElo "1843"]
[PlyCount "62"]
[EventDate "2022.07.08"]
[EventRounds "5"]
[EventCountry "ENG"]

1. e4 e6 2. d4 d5 3. exd5 exd5 4. Bd3 Nc6 5. Nf3 Bg4 6. c3 Qd7 7. O-O O-O-O 8.
b4 Bd6 9. Be3 Nge7 10. Nbd2 f6 11. a4 g5 12. a5 h5 13. b5 Nb8 14. Qb3 h4 15. b6
cxb6 16. axb6 a6 17. c4 Be6 18. c5 Bf4 19. Bc2 Bxe3 20. Qxe3 Nf5 21. Qc3 g4 22.
Ne1 Nc6 23. Nb3 Rdg8 24. f3 gxf3 25. Nxf3 Qg7 26. Rf2 h3 27. g3 Nxg3 28. hxg3
Qxg3+ 29. Kf1 h2 30. Qe3 h1=Q+ 31. Ke2 Qhh3  0-1

[Event "28th 4NCL Congress"]
[Site "Leamington Spa"]
[Date "2022.07.09"]
[Round "2"]
[Board "20"]
[White "Boughen, Andrew"]
[Black "McMorran, Richard"]
[Result "1-0"]
[WhiteElo "1799"]
[BlackElo "1688"]
[PlyCount "73"]
[EventDate "2022.07.08"]
[EventRounds "5"]
[EventCountry "ENG"]

1. d4 f5 2. Nf3 e6 3. g3 Be7 4. Bg2 Nf6 5. O-O O-O 6. c4 d6 7. Nc3 Nc6 8. Re1
a5 9. e4 fxe4 10. Nxe4 Nxe4 11. Rxe4 d5 12. cxd5 exd5 13. Rf4 Bf6 14. Ne5 Ne7
15. Ng4 Ra6 16. Nxf6+ Raxf6 17. Rxf6 Rxf6 18. Bg5 Rf7 19. Qb3 c6 20. Re1 h6 21.
Bd2 Nf5 22. Qc3 Re7 23. Rxe7 Qxe7 24. Bxd5+ cxd5 25. Qxc8+ Qf8 26. Qxb7 Qd8 27.
Qa7 Qf6 28. Qb8+ Kh7 29. Qe5 Nxd4 30. Qxf6 gxf6 31. Bxa5 Nc6 32. Bd2 Kg7 33. a4
Kf7 34. a5 Nb8 35. b4 Ke7 36. Bxh6 Kd6 37. Bf4+  1-0

[Event "28th 4NCL Congress"]
[Site "Leamington Spa"]
[Date "2022.07.09"]
[Round "2"]
[Board "21"]
[White "Veselow, Zoe"]
[Black "Coward, Neil"]
[Result "1-0"]
[WhiteElo "1641"]
[BlackElo "1787"]
[PlyCount "113"]
[EventDate "2022.07.08"]
[EventRounds "5"]
[EventCountry "ENG"]

1. e4 c5 2. Nf3 Nc6 3. d4 cxd4 4. Nxd4 g6 5. Be3 Bg7 6. g3 Nf6 7. Bg2 O-O 8.
O-O d6 9. Nc3 Ng4 10. Nxc6 bxc6 11. Bd2 Qb6 12. Rb1 Ne5 13. b3 Bg4 14. Qc1 Bf3
15. Bh6 Bxg2 16. Bxg7 Bxf1 17. Bxf8 Rxf8 18. Qxf1 Nf3+ 19. Kg2 Nd2 20. Na4 Qd8
21. Qc1 Nxb1 22. Qxb1 Qa5 23. Qd1 Qe5 24. f3 c5 25. c3 Rd8 26. Qd3 Qe6 27. Nxc5
Qc8 28. Na4 Qc6 29. c4 e6 30. Nc3 Qc5 31. f4 Qa3 32. Qd2 Qa5 33. Qd4 Qc5 34.
Qd3 f5 35. exf5 Qxf5 36. Qxf5 exf5 37. Nd5 Kf7 38. Kf2 Re8 39. Nc7 Re7 40. Nd5
Re4 41. Nc3 Re8 42. Nb5 Ke7 43. Nxa7 Kd7 44. Nb5 Kc6 45. a3 Kc5 46. b4+ Kc6 47.
Nc3 Ra8 48. a4 Rb8 49. Nd5 Re8 50. Nf6 Re7 51. a5 Rb7 52. Nd5 Rb8 53. Nb6 Re8
54. b5+ Kc5 55. Nd7+ Kxc4 56. b6 Kb5 57. b7  1-0

[Event "28th 4NCL Congress"]
[Site "Leamington Spa"]
[Date "2022.07.09"]
[Round "2"]
[Board "22"]
[White "Wheeler, Tim"]
[Black "Sivanandan, Bodhana"]
[Result "0-1"]
[WhiteElo "1815"]
[BlackElo "1588"]
[PlyCount "56"]
[EventDate "2022.07.08"]
[EventRounds "5"]
[EventCountry "ENG"]

1. e4 e5 2. Nf3 Nc6 3. Bb5 a6 4. Ba4 d6 5. c4 Nf6 6. Nc3 Bg4 7. Bxc6+ bxc6 8.
d4 exd4 9. Qxd4 c5 10. Qd3 Nd7 11. O-O Be7 12. Nd5 O-O 13. Bd2 Nf6 14. Nxe7+
Qxe7 15. Rfe1 Nd7 16. Bc3 Bxf3 17. Qxf3 Ne5 18. Qg3 f6 19. b3 a5 20. Rad1 a4
21. f4 Nc6 22. e5 fxe5 23. fxe5 dxe5 24. Bxe5 Nxe5 25. Rxe5 Qf6 26. Rxc5 axb3
27. axb3 Ra1 28. Rcd5 Qf1+  0-1

[Event "28th 4NCL Congress"]
[Site "Leamington Spa"]
[Date "2022.07.09"]
[Round "2"]
[Board "23"]
[White "Acharya, Kandara"]
[Black "Lewis, Evan"]
[Result "1-0"]
[WhiteElo "1748"]
[BlackElo "1802"]
[PlyCount "87"]
[EventDate "2022.07.08"]
[EventRounds "5"]
[EventCountry "ENG"]

1. e4 c5 2. Nf3 d6 3. d4 cxd4 4. Nxd4 Nf6 5. Nc3 e6 6. Bc4 Nc6 7. Bb3 Be7 8.
O-O O-O 9. Nxc6 bxc6 10. Qf3 Bb7 11. Qg3 Re8 12. Bd2 Nd7 13. Rad1 Nc5 14. Bf4
d5 15. exd5 cxd5 16. Rfe1 Nxb3 17. axb3 Qb6 18. Be3 Qc6 19. Bd4 f6 20. f4 Bc5
21. Qf2 Bxd4 22. Qxd4 e5 23. fxe5 fxe5 24. Qxd5+ Qxd5 25. Nxd5 Bxd5 26. Rxd5
Rac8 27. c4 Rb8 28. Re3 Re7 29. c5 e4 30. Rd4 Kf7 31. b4 Reb7 32. Rexe4 a5 33.
Kf2 Rxb4 34. Rxb4 axb4 35. Ke3 Rc8 36. Rc4 Ke6 37. Kd3 Kd5 38. Rd4+ Ke5 39. Kc4
Rb8 40. Rd7 Kf6 41. c6 Rc8 42. Kc5 Re8 43. c7 Re2 44. Kb6  1-0

[Event "28th 4NCL Congress"]
[Site "Leamington Spa"]
[Date "2022.07.09"]
[Round "2"]
[Board "24"]
[White "Pyda, Arjun"]
[Black "Vdovycia, Titas"]
[Result "1/2-1/2"]
[WhiteElo "1789"]
[BlackElo "1734"]
[PlyCount "148"]
[EventDate "2022.07.08"]
[EventRounds "5"]
[EventCountry "ENG"]

1. e4 e5 2. Nf3 Nf6 3. Nxe5 d6 4. Nf3 Nxe4 5. Be2 Be7 6. d4 d5 7. O-O O-O 8.
Nc3 Re8 9. Be3 Be6 10. Nxe4 dxe4 11. Nd2 f5 12. Bc4 Bd6 13. f4 Nd7 14. c3 Nb6
15. Bxe6+ Rxe6 16. Qb3 Qe7 17. a4 a5 18. c4 Bb4 19. c5 Nd7 20. Nc4 Kh8 21. Kh1
Rd8 22. Rad1 Nf6 23. Ne5 Nd5 24. h3 c6 25. Nc4 Qd7 26. Nd6 Rg6 27. Bd2 Rxd6 28.
cxd6 Qxd6 29. Be3 Qg6 30. Kh2 Qh5 31. Rfe1 Bxe1 32. Rxe1 Qh4 33. g3 Qe7 34. Bd2
Qc7 35. Qc4 b6 36. Be3 Qd6 37. Bd2 h6 38. Rc1 Rc8 39. Qa6 Qc7 40. Qe2 Qf7 41.
Qa6 Qe8 42. Qe2 Kh7 43. Be3 Nb4 44. Qc4 Nd3 45. Rc2 Qe7 46. b3 Nb4 47. Rc1 Rd8
48. Rd1 Rd6 49. Qe2 Qf7 50. Rb1 Qd7 51. Rd1 Nd3 52. Qc2 b5 53. Rb1 Nb4 54. Qe2
Nd5 55. axb5 cxb5 56. Bd2 b4 57. Ra1 Qa7 58. Qh5 g6 59. Qe2 Qb6 60. Qc4 Qc7 61.
Qxc7+ Nxc7 62. Rxa5 Rxd4 63. Be3 Rd3 64. Ra7 Rxe3 65. Rxc7+ Kg8 66. Rc6 Kf7 67.
Rc7+ Ke8 68. Rc6 g5 69. fxg5 hxg5 70. Rc5 Rf3 71. Kg2 f4 72. Re5+ Kd7 73. gxf4
Rxf4 74. Rxg5 Ke6  1/2-1/2

[Event "28th 4NCL Congress"]
[Site "Leamington Spa"]
[Date "2022.07.09"]
[Round "2"]
[Board "25"]
[White "Holmes, Matthew A"]
[Black "Fisher, Neal"]
[Result "1-0"]
[WhiteElo "1784"]
[BlackElo "1732"]
[PlyCount "53"]
[EventDate "2022.07.08"]
[EventRounds "5"]
[EventCountry "ENG"]

1. Nf3 Nf6 2. c4 c6 3. d4 e6 4. Nc3 d5 5. e3 Be7 6. Bd3 Nbd7 7. e4 dxe4 8. Nxe4
Nxe4 9. Bxe4 Nf6 10. Bc2 O-O 11. O-O Qc7 12. Bg5 h6 13. Bh4 g5 14. Nxg5 hxg5
15. Bxg5 Nh7 16. Bxh7+ Kxh7 17. Qh5+ Kg8 18. Bh6 Bf6 19. Qg4+ Kh7 20. Bxf8 Bd7
21. Qh5+ Kg8 22. Bh6 e5 23. Rad1 e4 24. Rfe1 Re8 25. Re3 Qc8 26. Rg3+ Kh7 27.
Bf8#  1-0

[Event "28th 4NCL Congress"]
[Site "Leamington Spa"]
[Date "2022.07.09"]
[Round "2"]
[Board "26"]
[White "Chantrell, Paul"]
[Black "Lekoudis, George"]
[Result "1-0"]
[WhiteElo "1733"]
[BlackElo "1775"]
[PlyCount "179"]
[EventDate "2022.07.08"]
[EventRounds "5"]
[EventCountry "ENG"]

1. e4 c5 2. Nf3 d6 3. d4 cxd4 4. Nxd4 Nf6 5. Nc3 a6 6. Be2 e5 7. Nf3 h6 8. a4
Nc6 9. O-O Be6 10. b3 Be7 11. h3 Rc8 12. Bd3 O-O 13. Ba3 Re8 14. Re1 Qd7 15.
Kh2 Kh8 16. Bb2 Qc7 17. Kh1 Nb4 18. Rc1 Nd7 19. Re2 Nc5 20. Ne1 Qb6 21. Ra1 Qc6
22. Kh2 Bg5 23. f3 Re7 24. Na2 Nxa2 25. Rxa2 Rec7 26. c4 a5 27. Bc3 b6 28. Bd2
Bh4 29. g3 Be7 30. Be3 Na6 31. Bd2 Qd7 32. h4 Rf8 33. Nc2 Nc5 34. Ne1 Qd8 35.
Be3 f5 36. Bxc5 dxc5 37. exf5 Bxf5 38. Rad2 Qe8 39. Rxe5 Qg6 40. Bxf5 Rxf5 41.
Qc2 Rf6 42. Qxg6 Rxg6 43. f4 Kg8 44. Ng2 Kf7 45. Ne3 Rgc6 46. Kh3 Bf6 47. Red5
Bd4 48. Nf5 Bc3 49. R2d3 Ba1 50. g4 Re6 51. Rd6 Rc6 52. Rd7+ Kf8 53. Ne3 Bd4
54. Nf5 Ba1 55. g5 h5 56. Nd6 Bd4 57. Nb5 Bb2 58. R7d6 Ke7 59. Rd7+ Kf8 60.
Rd8+ Re8 61. Rxe8+ Kxe8 62. Rd6 Rxd6 63. Nxd6+ Kd7 64. Nf5 Ke6 65. Ne3 Bc1 66.
Nd5 Kf5 67. Kg3 Bd2 68. Kf3 Be1 69. Ne3+ Ke6 70. Ng2 Bd2 71. Ke4 g6 72. f5+
gxf5+ 73. Kf3 Bc1 74. Nf4+ Kf7 75. Nxh5 Kg6 76. Nf4+ Kf7 77. Nd5 Bd2 78. Nxb6
Kg6 79. Nd7 Bb4 80. Nf6 Be1 81. Nd7 Bxh4 82. Nxc5 Bxg5 83. Ne6 Bd2 84. Nd4 Kf6
85. Ke2 Bc3 86. Nb5 Bb4 87. Nc7 Ke5 88. Nd5 Bc5 89. Kd3 f4 90. Nc3 {Black lost
on time}  1-0

[Event "28th 4NCL Congress"]
[Site "Leamington Spa"]
[Date "2022.07.09"]
[Round "2"]
[Board "27"]
[White "Nilsson, Adam"]
[Black "Dooley, Max"]
[Result "1/2-1/2"]
[WhiteElo "1766"]
[BlackElo "1728"]
[PlyCount "113"]
[EventDate "2022.07.08"]
[EventRounds "5"]
[EventCountry "ENG"]

1. Nf3 Nf6 2. b3 g6 3. Bb2 Bg7 4. e3 d6 5. d4 O-O 6. Be2 Nbd7 7. O-O c5 8. c4
cxd4 9. exd4 d5 10. Nc3 b6 11. cxd5 Bb7 12. Bc4 Nb8 13. Rc1 Nxd5 14. Nb5 a6 15.
Bxd5 Bxd5 16. Nc7 Ra7 17. Nxd5 Qxd5 18. Qc2 Rd8 19. Ne5 f6 20. Nc4 b5 21. Ne3
Qd6 22. Qc5 Rad7 23. Qxd6 Rxd6 24. Rc7 R6d7 25. Rfc1 f5 26. Rxd7 Nxd7 27. Nd5
Kf7 28. Re1 e5 29. dxe5 Nxe5 30. Bxe5 Rxd5 31. Bxg7 Kxg7 32. g3 Rd2 33. a4 bxa4
34. bxa4 Rd4 35. Ra1 a5 36. Kf1 Kf6 37. Ke2 Ke5 38. Ke3 Kd5 39. Ra2 g5 40. f4
Re4+ 41. Kf3 h6 42. Rd2+ Ke6 43. Rb2 g4+ 44. Kf2 Rxa4 45. Rb6+ Kf7 46. Rxh6 Kg7
47. Ra6 Ra3 48. Ke2 a4 49. Ra7+ Kf6 50. Ra6+ Ke7 51. Ra7+ Kd6 52. Ra5 Ra2+ 53.
Kd3 Ke6 54. Kc4 a3 55. Ra6+ Kf7 56. Kd5 Rxh2 57. Rxa3  1/2-1/2

[Event "28th 4NCL Congress"]
[Site "Leamington Spa"]
[Date "2022.07.09"]
[Round "2"]
[Board "28"]
[White "Prince, Alan R"]
[Black "O'Gorman, Brendan"]
[Result "1/2-1/2"]
[WhiteElo "1730"]
[BlackElo "1762"]
[PlyCount "54"]
[EventDate "2022.07.08"]
[EventRounds "5"]
[EventCountry "ENG"]

1. Nf3 d5 2. g3 Bg4 3. Bg2 Nd7 4. O-O e5 5. d3 Be7 6. Nbd2 c6 7. e4 dxe4 8.
dxe4 Ngf6 9. h3 Bh5 10. Qe2 O-O 11. g4 Bg6 12. Nh4 Qc7 13. Nf5 Rfe8 14. Rd1 Bf8
15. Nf1 Nc5 16. N1g3 Ne6 17. Qf3 Nf4 18. Bf1 Bxf5 19. Nxf5 g6 20. Ng3 Bh6 21.
h4 Bg7 22. Ne2 Ne6 23. Be3 Rad8 24. Ng3 Nf4 25. Rxd8 Rxd8 26. Rd1 Rxd1 27. Qxd1
b6  1/2-1/2

[Event "28th 4NCL Congress"]
[Site "Leamington Spa"]
[Date "2022.07.09"]
[Round "2"]
[Board "29"]
[White "Chapman, Philip M"]
[Black "David, Barry AH"]
[Result "1-0"]
[WhiteElo "1758"]
[BlackElo "1670"]
[PlyCount "51"]
[EventDate "2022.07.08"]
[EventRounds "5"]
[EventCountry "ENG"]

1. Nf3 d5 2. g3 c5 3. Bg2 Nc6 4. O-O e5 5. d3 h6 6. Nbd2 Nf6 7. e4 d4 8. Nc4
Qc7 9. a4 Be6 10. Ne1 Bxc4 11. dxc4 Bd6 12. Nd3 O-O 13. f4 exf4 14. gxf4 Be7
15. e5 Nd7 16. Bd5 Kh8 17. Qh5 f6 18. e6 Nb6 19. f5 Bd6 20. Rf2 Ne5 21. Rg2
Nxd5 22. cxd5 Nxd3 23. cxd3 Bf4 24. Qg4 Bxc1 25. Rxc1 Qe7 26. d6  1-0

[Event "28th 4NCL Congress"]
[Site "Leamington Spa"]
[Date "2022.07.09"]
[Round "2"]
[Board "30"]
[White "Clark, Evan"]
[Black "Sharpe, Peter T"]
[Result "1-0"]
[WhiteElo "1712"]
[BlackElo "1757"]
[PlyCount "90"]
[EventDate "2022.07.08"]
[EventRounds "5"]
[EventCountry "ENG"]

1. e4 e6 2. d4 d5 3. Nd2 c5 4. Ngf3 Nc6 5. Bb5 Nf6 6. exd5 Qxd5 7. c4 Qd6 8.
O-O Bd7 9. dxc5 Qxc5 10. Nb3 Qe7 11. Be3 Qd8 12. Nc5 Qc7 13. Nxd7 Nxd7 14. Qd2
Bb4 15. Qd3 h6 16. Rad1 O-O-O 17. a3 Bc5 18. Bxc5 Nxc5 19. Qe3 Nd7 20. Bxc6
bxc6 21. b4 Qb6 22. Rfe1 Nf6 23. Qxb6 axb6 24. Ne5 Rxd1 25. Rxd1 Rd8 26. Rxd8+
Kxd8 27. Nxc6+ Ke8 28. f3 Nd7 29. Kf2 e5 30. Ke3 f6 31. Ke4 Kf7 32. a4 Ke6 33.
g4 Kd6 34. Nd8 Ke7 35. Nb7 Nb8 36. c5 bxc5 37. Nxc5 Nc6 38. b5 Nb8 39. Kd5 g5
40. a5 h5 41. h3 hxg4 42. hxg4 Kd8 43. a6 Nxa6 44. bxa6 Kc8 45. Ke6 Kb8  1-0